[Event "XX Festival Conca della Presolana A"]
[Site "Bratto - Castione della Presolana ITA"]
[Date "2000.08.31"]
[Round "7"]
[White "Riccio, Eros"]
[Black "Orsi, Massimiliano"]
[Result "1-0"]
[WhiteElo "2134"]
[BlackElo "2100"]
[PlyCount "45"]
[EventDate "2000.08.25"]

1.d4 d5 2.Nf3 Nf6 3.Bf4 c5 4.e3 Nc6 5.c3 e6 6.Nbd2 Be7 7.Bd3 O-O 8.Ne5 Nd7
9.Qh5 f5 10.g4 Nf6 11.Qh3 Qe8 12.Rg1 cxd4 13.exd4 Nxe5 14.Bxe5 Qg6 15.f3 
fxg4 16.fxg4 Ne4 17.Rg2 Bg5 18.Kd1 Bd7 19.Kc2 Bf4 20.Re1 Bxe5 21.Nxe4 Bc7 
22.Nc5 Qe8 23.Qxh7+ 1-0

[Event "XX Festival Conca della Presolana A"]
[Site "Bratto - Castione della Presolana ITA"]
[Date "2000.08.31"]
[Round "7"]
[White "Romanishin, Oleg M."]
[Black "Belotti, Bruno"]
[Result "1-0"]
[WhiteElo "2591"]
[BlackElo "2417"]
[PlyCount "81"]
[EventDate "2000.08.25"]

1.d4 Nf6 2.Nf3 g6 3.g3 Bg7 4.Bg2 O-O 5.c4 d6 6.O-O Nc6 7.Nc3 a6 8.b3 Rb8 
9.Nd5 Nh5 10.Bb2 e6 11.Nc3 b5 12.cxb5 axb5 13.Rc1 b4 14.Na4 Ne7 15.Qc2 c6 
16.a3 Ba6 17.axb4 Nf6 18.Ba3 Bh6 19.Ra1 Nfd5 20.Nb2 Ra8 21.Nc4 Qb8 22.e4 
Nxb4 23.Qc3 c5 24.dxc5 dxc5 25.Bb2 f6 26.Bh3 Bc8 27.Rxa8 Qxa8 28.Nb6 Qc6 
29.Nxc8 Nxc8 30.Ba3 Qb6 31.Rd1 Ne7 32.Rd7 Kf7 33.Bb2 Ke8 34.Rd1 Ng8 35.Qc4
Ke7 36.e5 fxe5 37.Nxe5 Nf6 38.Qh4 Bg7 39.Rd7+ Ke8 40.Rxg7 c4 41.Nxc4 1-0

[Event "XX Festival Conca della Presolana A"]
[Site "Bratto - Castione della Presolana ITA"]
[Date "2000.08.31"]
[Round "7"]
[White "Rossi, Giampiero"]
[Black "Berni, Giorgio"]
[Result "1/2-1/2"]
[WhiteElo "2101"]
[BlackElo "1905"]
[PlyCount "115"]
[EventDate "2000.08.25"]

1.d4 Nf6 2.c4 c5 3.dxc5 Na6 4.Nc3 Nxc5 5.f3 d6 6.e4 e6 7.Be3 Ncd7 8.Nge2 
a6 9.Nd4 Qc7 10.Rc1 b6 11.Be2 Bb7 12.O-O Be7 13.Qd2 O-O 14.Rfd1 Rac8 15.b3
Qb8 16.Bf1 Bd8 17.Qf2 Bc7 18.g3 Rfe8 19.Bg2 Qa8 20.Nde2 Bc6 21.Rc2 Qb8 22.
Kh1 Ne5 23.h3 Rcd8 24.Rcd2 Ba8 25.Nf4 Ned7 26.Bf1 Bc6 27.Rc2 Qb7 28.Rdc1 
Ne5 29.Ncd5 Ned7 30.Nxc7 Qxc7 31.Nd5 Qb7 32.Nxf6+ Nxf6 33.Bg2 Rb8 34.Rd1 
d5 35.e5 Nd7 36.f4 dxc4 37.Rxc4 Rbc8 38.Rdc1 Bd5 39.Rxc8 Rxc8 40.Rxc8+ 
Qxc8 41.Bxd5 exd5 42.Bxb6 Nxb6 43.Qxb6 Qxh3+ 44.Kg1 Qxg3+ 45.Kh1 Qh3+ 46.
Kg1 Qg3+ 47.Kh1 Qf3+ 48.Kg1 h6 49.Qxa6 Qe4 50.Qa4 d4 51.Qe8+ Kh7 52.Qxf7 
d3 53.Qd7 Qe1+ 54.Kg2 d2 55.Qf5+ Kg8 56.Qc8+ Kf7 57.Qd7+ Kg6 58.Qg4+ 
1/2-1/2

[Event "XX Festival Conca della Presolana A"]
[Site "Bratto - Castione della Presolana ITA"]
[Date "2000.08.31"]
[Round "7"]
[White "Sarno, Spartaco"]
[Black "Guido, Flavio"]
[Result "1/2-1/2"]
[WhiteElo "2409"]
[BlackElo "2303"]
[PlyCount "51"]
[EventDate "2000.08.25"]

1.c4 e6 2.Nf3 d5 3.g3 Nf6 4.Bg2 Be7 5.O-O O-O 6.b3 c5 7.Bb2 b6 8.e3 Bb7 9.
Qe2 Nc6 10.Rd1 Qc7 11.Nc3 dxc4 12.bxc4 a6 13.Rac1 Rfc8 14.Ba1 Na7 15.Rb1 
Rab8 16.a4 Ne4 17.d3 Nd6 18.Qb2 Bf6 19.e4 Ba8 20.Re1 Ne8 21.Qe2 Nc6 22.e5 
Be7 23.h4 h6 24.Ne4 Rd8 25.Bc3 Rd7 26.Bf1 1/2-1/2

[Event "XX Festival Conca della Presolana A"]
[Site "Bratto - Castione della Presolana ITA"]
[Date "2000.08.31"]
[Round "7"]
[White "Sbarra, Marco"]
[Black "Ventura, Boris"]
[Result "1-0"]
[WhiteElo "2285"]
[BlackElo "2162"]
[PlyCount "85"]
[EventDate "2000.08.25"]

1.d4 Nf6 2.c4 d6 3.Nc3 g6 4.e4 Bg7 5.Nf3 O-O 6.Be2 e5 7.d5 a5 8.Bg5 h6 9.
Bh4 Bd7 10.Nd2 Qe8 11.O-O Na6 12.Rb1 Nh7 13.f3 h5 14.b3 Bh6 15.a3 Nc5 16.
Kh1 Kg7 17.Nb5 Qb8 18.Qc2 c6 19.Nc3 f5 20.Rfd1 Be3 21.b4 axb4 22.axb4 Na6 
23.dxc6 bxc6 24.b5 cxb5 25.cxb5 Nc5 26.Nc4 Bd4 27.Be7 Rf6 28.Nd5 Re6 29.
exf5 gxf5 30.Bh4 f4 31.Ncb6 Ra7 32.Nxd7 Rxd7 33.b6 Rf7 34.Bc4 Rg6 35.Nc7 
Rf8 36.Be7 Rc8 37.Qf5 Kh6 38.Rxd4 exd4 39.Qxf4+ Ng5 40.h4 Rxc7 41.hxg5+ 
Kh7 42.Qf7+ Kh8 43.bxc7 1-0

[Event "XX Festival Conca della Presolana A"]
[Site "Bratto - Castione della Presolana ITA"]
[Date "2000.08.31"]
[Round "7"]
[White "Schuurman, Petra"]
[Black "Capece, Adolivio"]
[Result "1-0"]
[WhiteElo "2151"]
[BlackElo "2065"]
[PlyCount "75"]
[EventDate "2000.08.25"]

1.c4 c5 2.Nf3 Nc6 3.Nc3 g6 4.g3 Bg7 5.Bg2 d6 6.O-O Bg4 7.h3 Bd7 8.a3 Qc8 
9.Kh2 h5 10.d3 h4 11.g4 Nh6 12.g5 Nf5 13.e4 Nfd4 14.Nxd4 Nxd4 15.f4 Rb8 
16.a4 Qd8 17.Be3 Qa5 18.Nd5 Be6 19.Bd2 Qd8 20.Ne3 Qc8 21.Bc3 a6 22.a5 b5 
23.axb6 Rxb6 24.Rf2 Kf8 25.Qf1 Rb3 26.Kh1 f5 27.gxf6 Bxf6 28.Re1 Kg8 29.e5
Bg7 30.exd6 exd6 31.f5 Bxf5 32.Bxd4 Bxd4 33.Nxf5 gxf5 34.Rxf5 Rxb2 35.Bd5+
Kh7 36.Re7+ Bg7 37.Rh5+ Kg6 38.Qf7# 1-0

[Event "XX Festival Conca della Presolana A"]
[Site "Bratto - Castione della Presolana ITA"]
[Date "2000.08.31"]
[Round "7"]
[White "Skembris, Spyridon"]
[Black "Cebalo, Miso"]
[Result "1-0"]
[WhiteElo "2475"]
[BlackElo "2520"]
[PlyCount "113"]
[EventDate "2000.08.25"]

1.d4 Nf6 2.c4 g6 3.Nc3 Bg7 4.e4 d6 5.Bd3 O-O 6.Nge2 Nc6 7.O-O Nh5 8.Be3 e5
9.d5 Ne7 10.Qd2 f5 11.exf5 Nxf5 12.Bg5 Bf6 13.Bxf6 Qxf6 14.Ne4 Qe7 15.f4 
exf4 16.Nxf4 Nxf4 17.Rxf4 Bd7 18.Raf1 h5 19.Qf2 Kg7 20.Ng3 Nxg3 21.Qxg3 g5
22.Re1 Qxe1+ 23.Qxe1 gxf4 24.Qe7+ Rf7 25.Qg5+ Kf8 26.Bg6 Rg7 27.Qxf4+ Kg8 
28.Bxh5 Rf8 29.Qe3 Rf6 30.h3 b6 31.Kh2 a5 32.g4 Rf1 33.Be8 Bxe8 34.Qxe8+ 
Kh7 35.Qe4+ Kg8 36.Qe8+ Kh7 37.Qe3 Rgf7 38.Kg3 Kg8 39.h4 Kf8 40.h5 Re7 41.
Qd3 Rg1+ 42.Kh4 Re5 43.Qf3+ Kg7 44.Qd3 Kh8 45.Qg6 Rf1 46.h6 Re7 47.g5 Rh1+
48.Kg3 Rf1 49.a4 Rf8 50.Kg4 Rf1 51.Kg3 Rf8 52.Qd3 Re5 53.Kg4 Re7 54.g6 Kg8
55.g7 Rff7 56.Kg5 Re1 57.h7+ 1-0

[Event "XX Festival Conca della Presolana A"]
[Site "Bratto - Castione della Presolana ITA"]
[Date "2000.08.31"]
[Round "7"]
[White "Vancini, Edoardo"]
[Black "Gorelli Fagiolini, Marco"]
[Result "1-0"]
[WhiteElo "2301"]
[BlackElo "2203"]
[PlyCount "47"]
[EventDate "2000.08.25"]

1.e4 e6 2.d4 d5 3.Nd2 Be7 4.Ngf3 Nf6 5.e5 Nfd7 6.c4 c5 7.cxd5 exd5 8.Bd3 
Nc6 9.O-O c4 10.Bc2 Nf8 11.b3 b5 12.bxc4 bxc4 13.Ba4 Bd7 14.Nxc4 dxc4 15.
d5 Nb8 16.e6 fxe6 17.Ne5 Bf6 18.dxe6 Nxe6 19.Qh5+ g6 20.Nxg6 Ng7 21.Re1+ 
Be7 22.Qe5 Bxa4 23.Nxe7 Kf7 24.Bb2 1-0

[Event "XX Festival Conca della Presolana A"]
[Site "Bratto - Castione della Presolana ITA"]
[Date "2000.08.31"]
[Round "7"]
[White "Vita, Fabrizio"]
[Black "Aglietti, Graziano"]
[Result "1/2-1/2"]
[WhiteElo "2102"]
[BlackElo "2062"]
[PlyCount "35"]
[EventDate "2000.08.25"]

1.Nf3 c5 2.c4 Nc6 3.Nc3 Nf6 4.g3 g6 5.Bg2 Bg7 6.d4 cxd4 7.Nxd4 Nxd4 8.Qxd4
O-O 9.O-O d6 10.Qd3 Qa5 11.Bd2 Qh5 12.b3 Bh3 13.Qf3 Qxf3 14.exf3 Bxg2 15.
Kxg2 d5 16.cxd5 Rfd8 17.Rad1 Nxd5 18.Nxd5 1/2-1/2

[Event "XX Festival Conca della Presolana A"]
[Site "Bratto - Castione della Presolana ITA"]
[Date "2000.08.31"]
[Round "7"]
[White "Zoldan, Matteo"]
[Black "Manzoni, Alessandro"]
[Result "1/2-1/2"]
[WhiteElo "2092"]
[BlackElo "2115"]
[PlyCount "60"]
[EventDate "2000.08.25"]

1.e4 e5 2.Nc3 Nf6 3.Bc4 Be7 4.f4 Nc6 5.d3 d6 6.Nf3 Bg4 7.h3 Bxf3 8.Qxf3 
Nd4 9.Qf2 Nh5 10.Bxf7+ Kxf7 11.fxe5+ Ke6 12.O-O Rf8 13.Qxd4 Rxf1+ 14.Kxf1 
Qf8+ 15.Kg1 c6 16.Qc4+ Kd7 17.e6+ Ke8 18.Be3 Ng3 19.d4 Qf6 20.Kh2 Qg6 21.
d5 Rc8 22.Re1 Bf6 23.Bd4 Bh4 24.Bf2 Qg5 25.Qd3 Nh5 26.Bxh4 Qxh4 27.Rf1 Nf6
28.e5 Ng4+ 29.Kg1 Nxe5 30.Qf5 Ke7 1/2-1/2

[Event "XX Festival Conca della Presolana A"]
[Site "Bratto - Castione della Presolana ITA"]
[Date "2000.09.01"]
[Round "8"]
[White "Aglietti, Graziano"]
[Black "Alberton, Roberto"]
[Result "1-0"]
[WhiteElo "2062"]
[BlackElo "2147"]
[PlyCount "57"]
[EventDate "2000.08.25"]

1.e4 e6 2.d4 d5 3.Nc3 Nf6 4.Bg5 dxe4 5.Nxe4 Be7 6.Bxf6 gxf6 7.Nf3 a6 8.Bd3
Nc6 9.Ng3 Qd6 10.O-O h5 11.Qd2 h4 12.Ne4 Qd5 13.c4 Qh5 14.Qf4 f5 15.Qxc7 
fxe4 16.Bxe4 Bd7 17.d5 Rc8 18.Qxb7 Na5 19.Qxa6 Nxc4 20.dxe6 Bxe6 21.Bc6+ 
Kf8 22.Nd4 Rxc6 23.Nxc6 h3 24.Nxe7 hxg2 25.Ng6+ Qxg6 26.Rfd1 Rxh2 27.Qa8+ 
Kg7 28.Kxh2 g1=Q+ 29.Rxg1 1-0

[Event "XX Festival Conca della Presolana A"]
[Site "Bratto - Castione della Presolana ITA"]
[Date "2000.09.01"]
[Round "8"]
[White "Basciu, Simone"]
[Black "Laco, Giuseppe"]
[Result "0-1"]
[WhiteElo "2147"]
[BlackElo "2180"]
[PlyCount "98"]
[EventDate "2000.08.25"]

1.d4 g6 2.Nf3 Bg7 3.c4 d6 4.Nc3 c6 5.e4 Bg4 6.Be3 Nd7 7.Qd2 Qc7 8.Be2 h5 
9.h3 Bxf3 10.Bxf3 e5 11.O-O Rd8 12.Be2 Nf8 13.f4 Ne6 14.fxe5 dxe5 15.d5 
Nd4 16.Rf2 c5 17.Bd1 f6 18.Ba4+ Kf7 19.Raf1 a6 20.d6 Rxd6 21.Nd5 Qd8 22.
Bg5 b5 23.cxb5 axb5 24.Bd1 Rxd5 25.exd5 Qxd5 26.Qa5 Qd7 27.Qb6 Ne6 28.Rd2 
Qe8 29.Be3 Bf8 30.Be2 Nd4 31.Qb7+ Qe7 32.Qxe7+ Nxe7 33.Bxd4 cxd4 34.Bxb5 
Bh6 35.Bc4+ Kg7 36.Re2 Nf5 37.Ra1 Be3+ 38.Rxe3 Nxe3 39.Be2 e4 40.Kf2 Nc2 
41.Rc1 d3 42.Bd1 Rc8 43.a4 e3+ 44.Kg1 e2 45.Bxe2 dxe2 46.Kf2 e1=Q+ 47.Rxe1
Nxe1 48.Kxe1 Rc2 49.b4 Rc4 0-1

[Event "XX Festival Conca della Presolana A"]
[Site "Bratto - Castione della Presolana ITA"]
[Date "2000.09.01"]
[Round "8"]
[White "Battaggia, Piergiorgio"]
[Black "Pirola, Andrea"]
[Result "1/2-1/2"]
[WhiteElo "2118"]
[BlackElo "1909"]
[PlyCount "95"]
[EventDate "2000.08.25"]

1.d4 f5 2.c4 Nf6 3.g3 g6 4.Bg2 Bg7 5.Nf3 d6 6.O-O O-O 7.Nc3 c6 8.Qc2 Qe8 
9.d5 e5 10.dxe6 Bxe6 11.b3 Na6 12.Bb2 Rd8 13.Nd4 Nc7 14.Nxe6 Qxe6 15.Rad1 
d5 16.cxd5 Ncxd5 17.Nxd5 Nxd5 18.Bxg7 Kxg7 19.Qc4 Nc7 20.Rxd8 Rxd8 21.Qc3+
Kf7 22.Qa5 Rd7 23.Qxa7 Nb5 24.Qb8 Nc3 25.Qh8 Nxe2+ 26.Kh1 h5 27.Qh7+ Kf6 
28.Qh8+ Rg7 29.Qd8+ Qe7 30.Qd2 Rg8 31.h4 Re8 32.Kh2 Qc5 33.Qd7 Re7 34.Qd8 
Kf7 35.Qh8 Qd4 36.Qh7+ Qg7 37.Qxg7+ Kxg7 38.Rd1 Nc3 39.Rd2 Re2 40.Rd7+ Kh6
41.Rxb7 Rxa2 42.Bxc6 Rxf2+ 43.Kg1 Rd2 44.Bf3 Rd4 45.Rc7 Nb5 46.Rc5 Rb4 47.
Bd5 Nd4 48.Rc4 1/2-1/2

[Event "XX Festival Conca della Presolana A"]
[Site "Bratto - Castione della Presolana ITA"]
[Date "2000.09.01"]
[Round "8"]
[White "Belotti, Bruno"]
[Black "Di Fonzo, Valerio"]
[Result "1-0"]
[WhiteElo "2417"]
[BlackElo "2217"]
[PlyCount "97"]
[EventDate "2000.08.25"]

1.e4 e5 2.Nf3 Nc6 3.Bc4 Bc5 4.c3 Nf6 5.d3 d6 6.O-O O-O 7.Bb3 a6 8.Re1 Ba7 
9.Be3 Be6 10.Bxa7 Rxa7 11.Bxe6 fxe6 12.d4 exd4 13.cxd4 d5 14.Nc3 dxe4 15.
Nxe4 Nxe4 16.Rxe4 Qd5 17.Qe2 Raa8 18.Qe3 Rad8 19.b3 Rf6 20.h3 h6 21.Rc1 
Qd6 22.Rc4 Rdf8 23.Rc2 Ne7 24.Ne5 Nd5 25.Qg3 Rf5 26.h4 Nf6 27.Re1 Qxd4 28.
Nf3 Qd6 29.Qxd6 cxd6 30.Rxe6 d5 31.Re7 Ne4 32.Rxb7 Nd6 33.Rb6 Nb5 34.a4 
Na3 35.Ra2 Nb1 36.Rc6 d4 37.Nxd4 Rd5 38.Nf3 Rd1+ 39.Kh2 a5 40.Rc5 Rfd8 41.
Rxa5 Nc3 42.Rc2 Ne4 43.Ra7 Rf1 44.Rcc7 Rdd1 45.Rxg7+ Kh8 46.Kh3 h5 47.Rge7
Rh1+ 48.Nh2 Nxf2+ 49.Kg3 1-0

[Event "XX Festival Conca della Presolana A"]
[Site "Bratto - Castione della Presolana ITA"]
[Date "2000.09.01"]
[Round "8"]
[White "Bonomi, Maurizio"]
[Black "Vita, Fabrizio"]
[Result "1/2-1/2"]
[WhiteElo "2234"]
[BlackElo "2102"]
[PlyCount "72"]
[EventDate "2000.08.25"]

1.Nf3 Nf6 2.g3 g6 3.Bg2 Bg7 4.O-O O-O 5.c4 d5 6.cxd5 Nxd5 7.Nc3 c5 8.d3 
Nc6 9.Bd2 Nc7 10.a3 Bd7 11.Rb1 Nd4 12.Ne4 Nce6 13.Bc3 Bc6 14.e3 Nxf3+ 15.
Bxf3 Rc8 16.Bxg7 Kxg7 17.h4 h6 18.Qc2 Qd7 19.Rfd1 Rfd8 20.b4 cxb4 21.Rxb4 
f5 22.Nd2 Qxd3 23.Qb2+ Kf7 24.Nf1 Qa6 25.Rxd8 Nxd8 26.Bxc6 Qxc6 27.h5 Qc3 
28.hxg6+ Kxg6 29.Qa2 e6 30.Rd4 Kf6 31.Rd7 Nf7 32.Rxb7 Ng5 33.Qb2 Qxb2 34.
Rxb2 Rc3 35.Ra2 a5 36.Nd2 a4 1/2-1/2

[Event "XX Festival Conca della Presolana A"]
[Site "Bratto - Castione della Presolana ITA"]
[Date "2000.09.01"]
[Round "8"]
[White "Capece, Adolivio"]
[Black "Lapiccirella, Daniele"]
[Result "1-0"]
[WhiteElo "2065"]
[BlackElo "2084"]
[PlyCount "57"]
[EventDate "2000.08.25"]

1.c4 c6 2.Nf3 d5 3.g3 Nf6 4.Bg2 Bg4 5.d4 Nbd7 6.cxd5 cxd5 7.Nc3 e6 8.O-O 
Bxf3 9.Bxf3 Be7 10.Bf4 a6 11.Rc1 O-O 12.e4 dxe4 13.Nxe4 Nd5 14.Bd6 N7b6 
15.Bxe7 Qxe7 16.Nc5 Rac8 17.Qb3 Rc7 18.Rc2 Rd8 19.Rfc1 h6 20.a4 Kh7 21.a5 
Nc8 22.Bxd5 Rxd5 23.Nxe6 Rxc2 24.Qxc2+ g6 25.Qxc8 Qxe6 26.Qxe6 fxe6 27.
Rc7+ Kg8 28.Rxb7 Rxd4 29.Re7 1-0

[Event "XX Festival Conca della Presolana A"]
[Site "Bratto - Castione della Presolana ITA"]
[Date "2000.09.01"]
[Round "8"]
[White "Cebalo, Miso"]
[Black "Vancini, Edoardo"]
[Result "1-0"]
[WhiteElo "2520"]
[BlackElo "2301"]
[PlyCount "93"]
[EventDate "2000.08.25"]

1.d4 Nf6 2.c4 Nc6 3.Nf3 e6 4.a3 d5 5.cxd5 exd5 6.Bg5 h6 7.Bxf6 Qxf6 8.Nc3 
Be6 9.Rc1 Bd6 10.g3 g5 11.e3 O-O-O 12.Bg2 h5 13.h4 gxh4 14.Nxh4 Rhg8 15.
Ne2 Bg4 16.Qd3 Rde8 17.Rc2 Ne7 18.Bh3 Kb8 19.Bxg4 hxg4 20.Rf1 Rg5 21.Kd1 
Nf5 22.Nxf5 Rxf5 23.Nf4 Bxf4 24.gxf4 Rh5 25.Rg1 Qe6 26.Kc1 Reh8 27.b4 Rh1 
28.Rxh1 Rxh1+ 29.Kb2 Rh2 30.b5 Qb6 31.a4 a6 32.Qb3 axb5 33.axb5 Qa5 34.
Qxd5 Qb4+ 35.Qb3 Qa5 36.Qxf7 Rh1 37.Qg8+ Ka7 38.Qa2 Qxa2+ 39.Kxa2 Rh2 40.
Kb3 Kb6 41.f5 Kxb5 42.Rxc7 Rxf2 43.Kc3 b6 44.Rg7 Rxf5 45.Rxg4 Ka4 46.d5+ 
Kb5 47.Kd4 1-0

[Event "XX Festival Conca della Presolana A"]
[Site "Bratto - Castione della Presolana ITA"]
[Date "2000.09.01"]
[Round "8"]
[White "Cetro, Carlo"]
[Black "Caruso, Daniele"]
[Result "0-1"]
[WhiteElo "2050"]
[BlackElo "2117"]
[PlyCount "146"]
[EventDate "2000.08.25"]

1.c4 e5 2.g3 g6 3.Bg2 Bg7 4.Nc3 Nc6 5.e4 d6 6.Nge2 Be6 7.d3 Qd7 8.Nd5 Nce7
9.Nec3 c6 10.Ne3 f5 11.exf5 gxf5 12.Qa4 Nf6 13.Nc2 d5 14.Bg5 h6 15.Bxf6 
Bxf6 16.cxd5 Nxd5 17.Nxd5 Bxd5 18.Bxd5 Qxd5 19.O-O-O a6 20.Qc4 O-O-O 21.
Qxd5 Rxd5 22.Ne3 Bg5 23.Kb1 Bxe3 24.fxe3 Kd7 25.e4 fxe4 26.dxe4 Rd4 27.
Rde1 Rf8 28.Re2 h5 29.Rg1 Ke6 30.Kc2 a5 31.a3 Rf3 32.Rd1 b5 33.Rg1 a4 34.
Rd1 Kf6 35.Rde1 Kg5 36.Re3 Kg4 37.R1e2 Rf1 38.Rc3 Rdd1 39.Rd3 Rc1+ 40.Kd2 
Rcd1+ 41.Kc3 Rxd3+ 42.Kxd3 Rf3+ 43.Kc2 Rb3 44.Kc1 Kf3 45.Rc2 Kxe4 46.Rxc6 
Kf3 47.Rf6+ Ke3 48.Rf5 e4 49.Rxh5 Kf2 50.g4 Rf3 51.Re5 e3 52.h4 Rf4 53.g5 
e2 54.Kd2 Rd4+ 55.Kc3 Rd1 56.Rf5+ Ke3 57.Re5+ Kf3 58.Kb4 Rd4+ 59.Kc3 Rd1 
60.Kb4 e1=Q+ 61.Rxe1 Rxe1 62.Kxb5 Rh1 63.Kxa4 Ke4 64.Kb5 Kd5 65.a4 Rxh4 
66.g6 Rh8 67.g7 Rb8+ 68.Ka6 Kc6 69.Ka7 Rg8 70.b4 Rxg7+ 71.Ka6 Kc7 72.Ka7 
Rg4 73.a5 Rxb4 0-1

[Event "XX Festival Conca della Presolana A"]
[Site "Bratto - Castione della Presolana ITA"]
[Date "2000.09.01"]
[Round "8"]
[White "Cocchi, Andrea"]
[Black "Dilic, Roberto"]
[Result "1/2-1/2"]
[WhiteElo "2261"]
[BlackElo "2013"]
[PlyCount "123"]
[EventDate "2000.08.25"]

1.c4 Nf6 2.g3 e6 3.b3 d5 4.Bb2 Nbd7 5.Bg2 c6 6.Nf3 b6 7.O-O Be7 8.Nc3 Bb7 
9.d3 c5 10.cxd5 exd5 11.Nh4 O-O 12.Nf5 Re8 13.Qd2 Nf8 14.d4 cxd4 15.Nxe7+ 
Qxe7 16.Qxd4 Ne6 17.Qe5 d4 18.Ne4 Bxe4 19.Bxe4 Nxe4 20.Qxe4 Rad8 21.Rfd1 
f6 22.Rac1 Qd7 23.Qc6 Qe7 24.Rc2 Rc8 25.Qe4 Rxc2 26.Qxc2 Ng5 27.Qc4+ Kh8 
28.Rxd4 h6 29.h4 Ne4 30.Qc2 Qe6 31.Kg2 Qf5 32.e3 Nxg3 33.Qxf5 Nxf5 34.Rd7 
Re7 35.Rd8+ Kh7 36.h5 Rc7 37.Rd2 Kg8 38.e4 Ne7 39.f4 Kf7 40.Kf3 Nc6 41.Ba3
b5 42.Bc5 Ne5+ 43.fxe5 Rxc5 44.Rd7+ Ke6 45.Rxg7 Rxe5 46.Rxa7 Rxh5 47.Kf4 
Rh4+ 48.Ke3 Rh2 49.Kd4 Rd2+ 50.Kc5 Ke5 51.Kxb5 Kxe4 52.a4 f5 53.Re7+ Kd4 
54.Rf7 Ke4 55.Rh7 f4 56.Rxh6 f3 57.a5 f2 58.Rh1 Rd5+ 59.Ka6 Rd6+ 60.Kb7 
Rd3 61.b4 Rb3 62.a6 1/2-1/2

[Event "XX Festival Conca della Presolana A"]
[Site "Bratto - Castione della Presolana ITA"]
[Date "2000.09.01"]
[Round "8"]
[White "Davies, Nigel R."]
[Black "Dervishi, Erald"]
[Result "0-1"]
[WhiteElo "2486"]
[BlackElo "2478"]
[PlyCount "58"]
[EventDate "2000.08.25"]

1.Nf3 Nf6 2.c4 e6 3.g3 d5 4.Bg2 Be7 5.O-O O-O 6.d4 b6 7.cxd5 exd5 8.Nc3 
Bb7 9.Bf4 Na6 10.Qc2 c5 11.Rad1 Qc8 12.Be5 Rd8 13.Ng5 g6 14.h4 c4 15.Qc1 
Nh5 16.Bh3 Qc6 17.e4 Nb4 18.a3 Nd3 19.Rxd3 cxd3 20.exd5 Rxd5 21.Bg2 Qd7 
22.Bh3 Bxg5 23.Bxd7 Bxc1 24.Nxd5 Bxd5 25.Rxc1 Bf3 26.Ba4 d2 27.Rc7 d1=Q+ 
28.Bxd1 Bxd1 29.d5 f6 0-1

[Event "XX Festival Conca della Presolana A"]
[Site "Bratto - Castione della Presolana ITA"]
[Date "2000.09.01"]
[Round "8"]
[White "Drabke, Lorenz Maximilian"]
[Black "Inkiov, Ventzislav V."]
[Result "0-1"]
[WhiteElo "2144"]
[BlackElo "2416"]
[PlyCount "148"]
[EventDate "2000.08.25"]

1.e4 c5 2.Nf3 Nc6 3.Bb5 d6 4.O-O Bd7 5.Re1 Nf6 6.c3 a6 7.Bf1 e5 8.h3 Be7 
9.d4 Qc7 10.Na3 O-O 11.Bg5 Rad8 12.Nc4 h6 13.Bh4 cxd4 14.cxd4 exd4 15.Nxd4
Nxd4 16.Qxd4 Bc6 17.e5 dxe5 18.Qxe5 Qxe5 19.Nxe5 Bd5 20.Ng4 Be6 21.Nxf6+ 
Bxf6 22.Bxf6 gxf6 23.b3 Rd2 24.Re2 Rfd8 25.Rae1 a5 26.f3 R8d4 27.Rxd2 Rxd2
28.Re2 Rd1 29.Kf2 Ra1 30.Rb2 Kf8 31.Bc4 Ke7 32.Rd2 Rc1 33.Bb5 Rc5 34.Be2 
b5 35.Ke3 b4 36.Rd4 Rc3+ 37.Kd2 Rc5 38.Bd3 Rg5 39.g4 h5 40.Ke3 Re5+ 41.Be4
Rc5 42.Kd2 h4 43.Bd3 Bd5 44.Be4 Be6 45.Bd3 Rc3 46.Be4 Bd7 47.Bd3 Bc6 48.
Be4 Bd7 49.Bd3 Be6 50.Be4 Rc5 51.Bd3 Rg5 52.Ke3 Rg8 53.Kd2 Rb8 54.Ke3 Rb6 
55.Kd2 Rd6 56.Ke3 Rc6 57.Kd2 Rc5 58.Be4 f5 59.gxf5 Bxf5 60.Bxf5 Rxf5 61.
Ke3 Rc5 62.Kd2 Rc3 63.Rd3 Rc5 64.Rd4 Rg5 65.Ke3 Rg2 66.Rxh4 Rxa2 67.Rh5 
Ra3 68.Kf4 Kd6 69.h4 Kc6 70.Rf5 a4 71.bxa4 b3 72.Kg5 Rxa4 73.Rf6+ Kc5 74.
Rf5+ Kb4 0-1

[Event "XX Festival Conca della Presolana A"]
[Site "Bratto - Castione della Presolana ITA"]
[Date "2000.09.01"]
[Round "8"]
[White "Farago, Ivan"]
[Black "Skembris, Spyridon"]
[Result "1/2-1/2"]
[WhiteElo "2486"]
[BlackElo "2475"]
[PlyCount "39"]
[EventDate "2000.08.25"]

1.d4 Nf6 2.c4 e6 3.Nf3 b6 4.a3 Bb7 5.Nc3 d5 6.cxd5 exd5 7.Qa4+ c6 8.Bg5 
Be7 9.e3 O-O 10.Bd3 c5 11.Rd1 c4 12.Bb1 Re8 13.O-O a6 14.Ne5 b5 15.Qc2 Ne4
16.Bxe7 Qxe7 17.f3 Nf6 18.e4 g6 19.Rde1 Nbd7 20.Nxd7 1/2-1/2

[Event "XX Festival Conca della Presolana A"]
[Site "Bratto - Castione della Presolana ITA"]
[Date "2000.09.01"]
[Round "8"]
[White "Gorelli Fagiolini, Marco"]
[Black "Ricci, Alfredo"]
[Result "1-0"]
[WhiteElo "2203"]
[BlackElo "2093"]
[PlyCount "39"]
[EventDate "2000.08.25"]

1.e4 c5 2.Nf3 e6 3.d4 cxd4 4.Nxd4 Nf6 5.Nc3 d6 6.Be2 Be7 7.O-O O-O 8.Be3 
a6 9.f4 Qc7 10.a4 b6 11.Bf3 e5 12.Nf5 Nc6 13.g4 exf4 14.Bxf4 Ne5 15.g5 
Nxf3+ 16.Qxf3 Bb7 17.gxf6 Bxf6 18.Bxd6 Qc4 19.Bxf8 Bxc3 20.Qxc3 1-0

[Event "XX Festival Conca della Presolana A"]
[Site "Bratto - Castione della Presolana ITA"]
[Date "2000.09.01"]
[Round "8"]
[White "Grooten, Herman"]
[Black "Mantovani, Renzo"]
[Result "0-1"]
[WhiteElo "2386"]
[BlackElo "2410"]
[PlyCount "112"]
[EventDate "2000.08.25"]

1.d4 Nf6 2.c4 e6 3.Nf3 b6 4.a3 Bb7 5.Nc3 d5 6.cxd5 Nxd5 7.Qc2 Nxc3 8.bxc3 
Be7 9.e4 O-O 10.Bd3 c5 11.O-O cxd4 12.cxd4 Qc8 13.Qd2 Ba6 14.Bxa6 Qxa6 15.
Ne5 Qb7 16.d5 exd5 17.exd5 Bf6 18.Bb2 Rd8 19.Rad1 Bxe5 20.Bxe5 Nd7 21.Bb2 
f6 22.Rfe1 Nc5 23.d6 Qf7 24.Qf4 Rd7 25.Re2 Re8 26.Rxe8+ Qxe8 27.a4 Qe4 28.
Qd2 Nxa4 29.Ba3 Nc5 30.f3 Qe5 31.h4 h6 32.Bb2 Qe6 33.Qf4 Qe2 34.Qd4 Kh8 
35.Bc3 Nb3 36.Qd5 Qe3+ 37.Kh1 Qxc3 38.Qa8+ Kh7 39.Qe4+ g6 40.h5 f5 41.Qe6 
Nc5 42.Qxg6+ Kh8 43.Qxh6+ Kg8 44.Qg6+ Qg7 45.Qxf5 Qg3 46.Qd5+ Kh8 47.Qd4+ 
Rg7 48.Qb2 Kh7 49.Kg1 Nd7 50.Rd5 Nf6 51.Qc2+ Kh8 52.d7 Qe1+ 53.Kh2 Qh4+ 
54.Kg1 Nxd5 55.Qe4 Qxe4 56.d8=Q+ Rg8 0-1

[Event "XX Festival Conca della Presolana A"]
[Site "Bratto - Castione della Presolana ITA"]
[Date "2000.09.01"]
[Round "8"]
[White "Guido, Flavio"]
[Black "Lanzani, Mario"]
[Result "1/2-1/2"]
[WhiteElo "2303"]
[BlackElo "2419"]
[PlyCount "21"]
[EventDate "2000.08.25"]

1.e4 d6 2.d4 Nf6 3.Nc3 g6 4.Nf3 Bg7 5.Be2 O-O 6.O-O Bg4 7.Be3 Nc6 8.h3 
Bxf3 9.Bxf3 e5 10.dxe5 dxe5 11.Qxd8 1/2-1/2

[Event "XX Festival Conca della Presolana A"]
[Site "Bratto - Castione della Presolana ITA"]
[Date "2000.09.01"]
[Round "8"]
[White "Manzoni, Alessandro"]
[Black "Cazzaniga, Walter"]
[Result "1/2-1/2"]
[WhiteElo "2115"]
[BlackElo "2170"]
[PlyCount "97"]
[EventDate "2000.08.25"]

1.e4 c5 2.Nc3 Nc6 3.g3 g6 4.Nge2 Bg7 5.Bg2 e6 6.O-O Nge7 7.f4 O-O 8.d3 d6 
9.g4 f5 10.h3 Rb8 11.Ng3 Nd4 12.Nce2 b5 13.c3 Nxe2+ 14.Qxe2 b4 15.Bd2 e5 
16.exf5 gxf5 17.Nh5 Ng6 18.Bd5+ Kh8 19.Nxg7 Kxg7 20.cxb4 Qh4 21.Qe3 exf4 
22.Bc3+ Kh6 23.Rxf4 Qg5 24.Bd2 Kg7 25.bxc5 Qxf4 26.Qxf4 Nxf4 27.Bxf4 Rxb2 
28.Bxd6 Re8 29.gxf5 Bxf5 30.Rf1 Bxd3 31.Rc1 Bf5 32.h4 Rb1 33.Rxb1 Bxb1 34.
c6 Bf5 35.Bg3 Kf6 36.Bg2 Rc8 37.Kh2 h5 38.Bf2 a6 39.a4 Ke6 40.a5 Bg4 41.
Bb6 Rg8 42.c7 Ke5 43.Bf1 Bc8 44.Be2 Kf4 45.Bd4 Bb7 46.Bf1 Kf3 47.Be5 Kf2 
48.Bh3 Bc8 49.Bxc8 1/2-1/2

[Event "XX Festival Conca della Presolana A"]
[Site "Bratto - Castione della Presolana ITA"]
[Date "2000.09.01"]
[Round "8"]
[White "Mariano, Elia"]
[Black "Everet, Alexandro"]
[Result "1/2-1/2"]
[WhiteElo "2093"]
[BlackElo "2348"]
[PlyCount "93"]
[EventDate "2000.08.25"]

1.d4 d5 2.c4 e6 3.Nc3 Nf6 4.cxd5 exd5 5.Bg5 Be7 6.e3 O-O 7.Bd3 h6 8.Bh4 c6
9.Nge2 Nbd7 10.Qc2 Kh8 11.O-O Nh5 12.Bxe7 Qxe7 13.Rab1 Nb6 14.b4 Be6 15.b5
f5 16.bxc6 bxc6 17.Ng3 Nxg3 18.hxg3 c5 19.dxc5 Qxc5 20.Ne2 Qd6 21.Nd4 Rac8
22.Qe2 g6 23.Nb5 Qd7 24.Nxa7 Qxa7 25.Qb2+ Kg8 26.Qxb6 Qxb6 27.Rxb6 Bf7 28.
a4 Rfd8 29.g4 d4 30.gxf5 dxe3 31.fxg6 Be8 32.Ba6 exf2+ 33.Rxf2 Rc1+ 34.Kh2
Bxa4 35.Rf4 Bc6 36.Rf6 Bd5 37.Rfd6 Rxd6 38.Rxd6 Be4 39.Re6 Bd5 40.Rd6 Be4 
41.Re6 Bd5 42.Rd6 Be4 43.Re6 Bd5 44.Rd6 Be4 45.Re6 Bd5 46.Rd6 Be4 47.Re6 
1/2-1/2